| 000 | 00464nam a2200097Ia 4500 | ||
|---|---|---|---|
| 008 | 180130s9999 xx 000 0 und d | ||
| 245 |
_cXiong, Zhoubing; Song, Zhenyu; Scalera, Andrea; Ferrera, Enrico; Sottile, Francesco; Brizzi, Paolo; Tomasi, Riccardo; Spirito, Maurizio A. _aHybrid WSN and RFID indoor positioning and tracking system |
||
| 260 | _c2016 | ||
| 300 | _aBook title: Embedded system design--Acession number C20733; pages 74-88 | ||
| 650 | _aSYSTEM DESIGN | ||
| 999 |
_c354355 _d354355 |
||